000 01730nam0a2200361 4500
001 RU\NLR\BIBL_A\022645683
005 20260123095706.0
010 _a978-5-0054-3552-1
_91000
021 _aRU
_bКН-П-25-052328
_9КН-П-25-5053
035 _a(NLR Aleph) 022645683
090 _a13535601
_c13535601
100 _a20251016d2025 u y0rusy50 ca
101 0 _arus
102 _aRU
105 _aа j 000yy
181 0 _ai3
_baxxe
182 0 _an
200 1 _aТехническая диагностика автомобиля
_eучебник
_eдля студентов, обучающихся по профессии среднего профессионального образования "Мастер по ремонту и обслуживанию автомобилей"
_fС. А. Ашихмин
203 _aТекст
_bвизуальный
_cнепосредственный
205 _a8-е изд., стер.
210 _aМосква
_cАкадемия
_d2025
215 _a271, [1] с.
_cил., цв. ил., табл.
_d22
225 1 _aПрофессиональное образование
_iПрофессиональный модуль
313 _aПо пред. изд.
320 _aБиблиогр.: с. 267-268
333 _a12+
606 1 _aАвтомобили
_xТехническая диагностика
_jУчебники для среднего профессионального образования
_2nlr_sh1
_2nlr_sh2
_3RU\NLR\AUTH\666113
686 1 _aО33-082.051я723-1
700 1 _aАшихмин
_bС. А.
_gСергей Анатольевич
942 _cBOOK
980 _aNB